000 00347nam a2200133Ia 4500
008 240624s9999 xx 000 0 und d
041 _aeng
082 _a658.4033 BHA
100 _aBHARADWAJ R K
245 _aQUANTITATIVE TECHNIQUES FOR BUSINESS MAN
260 _c2009
_aMumbai
_bHimalaya Books Pvt. Ltd.
300 _a624 : p.
365 _cRS
_b25
999 _c14872
_d14872